000 00458nam a2200133Ia 4500
008 220217s9999 xx 000 0 und d
245 0 _aMethods of test for vulcanized rubbers. Part III. Abrasion resistance- using a rotating cylindrical drum device (First Revision)
260 _c1987
500 _aStandard number: IS 3400 Part III
650 _aAbrasion resistance
650 _aDu pont constant load method
650 _aVulcanized rubber
942 _cST
999 _c73673
_d73673